000 00807nam a2200253 a 4500
008
020 _a0471059099 (hbk.)
049 _aMAIN
090 _aQC273
100 1 _aLarson, Harold J.
245 1 0 _aIntroduction to probability theory and statistical inference /
_cHarold J. Larson.
250 _a3rd ed.
260 _aNew York :
_bWiley,
_cc1982.
300 _axi, 637 p. :
_bill. ;
_c24 cm.
440 0 _aWiley series in probability and mathematical statistics.
_pProbability and mathematical statistics
_x0271-6232
500 _aIncludes index.
650 0 _aProbabilities.
650 0 _aMathematical statistics.
907 _a.b10032927
_b19-02-07
_c17-04-03
003
005 20230123133809.0
040 _cNUST
942 _cBOOKS
_kQC273
999 _c154783
_d154783